[Event "Titled Tue 26th Aug Early"]
[Site "chess.com INT"]
[Date "2025.08.26"]
[Round "5"]
[White "Simonovic, Miroslav"]
[Black "Pontes, Luiz Felizola Lima"]
[Result "1-0"]
[WhiteTitle "CM"]
[WhiteElo "2092"]
[BlackElo "1871"]
[WhiteFideId "919152"]
[BlackFideId "44709919"]
[EventDate "2025.08.26"]

1. d4 d5 2. Bg5 h6 3. Bh4 Nf6 4. Bxf6 exf6 5. e3 Bd6 6. c4 dxc4 7. Bxc4 O-O 8.
Nc3 c6 9. Nge2 Be6 10. Bd3 Nd7 11. O-O f5 12. g3 Nb6 13. Qc2 g6 14. Rfd1 Nd5 15.
a3 Nxc3 16. Nxc3 Qe7 17. Bf1 Rac8 18. Bg2 b6 19. b4 c5 20. bxc5 bxc5 21. d5 Bd7
22. Rab1 Rb8 23. Rxb8 Rxb8 24. Rb1 Qd8 25. e4 fxe4 26. Nxe4 Rxb1+ 27. Qxb1 Be7
28. d6 Bf8 29. Qd1 c4 30. Nc5 c3 31. Bd5 Bg7 32. Qd3 Bf5 33. Be4 Bxe4 34. Nxe4
Be5 35. d7 Bg7 36. f4 Kh7 37. Kg2 Qb6 38. Nc5 Qb2+ 39. Kh3 Bf6 40. d8=Q Bxd8 41.
Qxd8 c2 42. Nd3 c1=Q 43. Nxc1 Qxc1 44. Qd3 Qc7 45. Kg2 Qb7+ 46. Qf3 Qxf3+ 47.
Kxf3 Kg7 48. Ke4 Kf6 49. Kd5 Kf5 50. a4 Kg4 51. a5 Kh3 52. Kc6 Kxh2 53. Kb7 Kxg3
54. Kxa7 h5 55. Kb8 h4 56. a6 h3 57. a7 h2 58. a8=Q Kxf4 59. Qg2 g5 60. Qxh2+
Kf3 61. Qh3+ Kf4 62. Qf1+ Kg3 63. Qxf7 g4 64. Qf1 Kh2 65. Qf2+ Kh3 66. Qg1 g3
67. Kc7 1-0

[Event "Titled Tue 26th Aug Early"]
[Site "chess.com INT"]
[Date "2025.08.26"]
[Round "5"]
[White "Cevizci, Yusuf Baran"]
[Black "Cupid, Kevin"]
[Result "1-0"]
[WhiteTitle "CM"]
[BlackTitle "FM"]
[WhiteElo "2094"]
[BlackElo "2178"]
[WhiteFideId "34565400"]
[BlackFideId "7700512"]
[EventDate "2025.08.26"]

1. e4 d5 2. exd5 Qxd5 3. Nc3 Qe5+ 4. Be2 Bg4 5. h3 Bxe2 6. Ngxe2 c6 7. d4 Qa5 8.
O-O Nf6 9. Re1 e6 10. Bd2 Qc7 11. Bf4 Bd6 12. Qd2 O-O 13. Bxd6 Qxd6 14. Ng3 Nbd7
15. Nge4 Qc7 16. Rad1 Rfe8 17. Re3 Nd5 18. Rg3 Nf4 19. Rf3 Ng6 20. Nc5 Nf6 21.
Re3 Rad8 22. Qe2 b6 23. Nb3 a5 24. a4 h6 25. Qc4 Qd6 26. Qa6 Rb8 27. Rde1 Red8
28. Ne4 Nxe4 29. Rxe4 Qb4 30. d5 Qd6 31. dxe6 Rf8 32. e7 Rfe8 33. Qe2 c5 34. Nd2
Rb7 35. Nc4 Qb8 36. b3 Rd7 37. h4 Qc7 38. h5 Nxe7 39. Ne5 Rd4 40. Nf3 Rxe4 41.
Qxe4 Qd7 42. Ne5 Qe6 43. Nc4 Qxe4 44. Rxe4 Kf8 45. Nxb6 Rd8 46. Nc4 Rd5 47. Re5
Rd1+ 48. Kh2 Nc6 49. Rxc5 Nd4 50. Rc7 Ne6 51. Ra7 Rd5 52. Rxa5 Rd4 53. Re5 Ke7
54. a5 Kf6 55. Rb5 Rh4+ 56. Kg1 Rd4 57. a6 Rd1+ 58. Kh2 Ra1 59. Ra5 Rd1 60. a7
Nc7 61. a8=Q Nxa8 62. Rxa8 Rc1 63. Ra6+ Ke7 64. Ne3 Re1 65. Nf5+ Kf8 66. Ra8+
Re8 67. Rxe8+ Kxe8 68. Nxg7+ Kd7 69. Nf5 Ke6 70. Nxh6 f6 71. Ng4 f5 72. Nh6 Kf6
73. Ng4+ fxg4 74. Kg3 Kg5 75. b4 Kxh5 76. b5 Kg5 77. b6 Kf5 78. b7 1-0

[Event "Titled Tue 26th Aug Early"]
[Site "chess.com INT"]
[Date "2025.08.26"]
[Round "5"]
[White "Swara Lakshmi S Nair"]
[Black "Mueller, Riyanna"]
[Result "1-0"]
[WhiteTitle "WCM"]
[BlackTitle "WFM"]
[WhiteElo "2138"]
[BlackElo "2079"]
[WhiteFideId "25629239"]
[BlackFideId "16287401"]
[EventDate "2025.08.26"]

1. e4 c6 2. d4 d5 3. Nc3 dxe4 4. Nxe4 Nf6 5. Nxf6+ exf6 6. c3 Bd6 7. Bd3 O-O 8.
Qc2 Re8+ 9. Ne2 h5 10. O-O Nd7 11. Ng3 Qc7 12. f4 c5 13. Nxh5 cxd4 14. cxd4 Qxc2
15. Bxc2 Nb6 16. Bd2 Bd7 17. Rae1 Nc4 18. Bc3 Ne3 19. Rf2 Nxc2 20. Rxe8+ Rxe8
21. Rxc2 Re4 22. Kf2 Bg4 23. Ng3 Rxf4+ 24. Ke3 Bf5 25. Rc1 Bd7 26. Re1 Rg4 27.
Kf3 Bxg3 28. hxg3 Rg5 29. Re7 Rd5 30. Ke4 Rd6 31. Bb4 Re6+ 32. Rxe6 Bxe6 33. Bc5
Bxa2 34. Bxa7 Kf8 35. Bc5+ Ke8 36. d5 Kd7 37. Bf8 g6 38. Bg7 f5+ 39. Kd4 Bb1 40.
Be5 Be4 41. g4 Bxg2 42. gxf5 gxf5 43. Kc5 Be4 44. b4 Ke7 45. b5 f6 46. Bf4 Kd7
47. d6 Bf3 48. Kb6 Bd5 49. Ka7 Bc4 50. Kb6 Bd5 51. Ka7 Be4 52. Kb6 Bf3 53. Ka7
Be2 54. Kb6 Bf3 55. Ka7 Be4 56. Kb6 Ke6 57. Kc7 Bd3 58. d7 Bxb5 59. d8=Q Bc4 60.
Qd6+ 1-0

[Event "Titled Tue 26th Aug Early"]
[Site "chess.com INT"]
[Date "2025.08.26"]
[Round "5"]
[White "Lamaze, Simon"]
[Black "Bok, Benjamin"]
[Result "1/2-1/2"]
[WhiteTitle "IM"]
[BlackTitle "GM"]
[WhiteElo "2468"]
[BlackElo "2587"]
[WhiteFideId "36069264"]
[BlackFideId "1017063"]
[EventDate "2025.08.26"]

1. d4 Nf6 2. c4 e6 3. Nf3 b6 4. g3 Ba6 5. Qc2 c5 6. d5 exd5 7. cxd5 Bb7 8. Bg2
Nxd5 9. O-O Nc6 10. Rd1 Be7 11. Qf5 Nf6 12. e4 g6 13. Qf4 O-O 14. e5 Nh5 15. Qc4
Qc7 16. Nc3 Nxe5 17. Nxe5 Bxg2 18. Nxf7 Rxf7 19. Kxg2 Qc6+ 20. Nd5 Nf6 21. Kg1
Nxd5 22. Qxd5 Qxd5 23. Rxd5 Bf6 24. a4 Bd4 25. Bf4 Bxb2 26. Rad1 Bd4 27. Kg2 Re8
28. f3 Re2+ 29. Kh3 h6 30. Bb8 Rxf3 31. Bxa7 Rff2 32. Rh1 Rb2 33. Rxd7 Rf7 34.
Rd8+ Kh7 35. Bb8 Rb4 36. Re1 Rxa4 37. Ree8 g5 38. Be5 g4+ 39. Kh4 Bxe5 40. Rxe5
Rd4 41. Rb8 Rb4 42. Ree8 c4 43. Kh5 Rb5+ 44. Kxg4 c3 45. Rec8 Rg7+ 46. Kh4 Rc5
47. Rxc5 bxc5 48. Rb3 Rc7 49. Rxc3 Kg6 50. Kg4 Kf6 51. Rc4 Ke5 52. Kf3 Kd5 53.
Rh4 c4 54. Ke2 Rc6 55. Kd2 Ke5 56. Kc3 Kf5 57. h3 Ke5 58. Rf4 Rg6 59. Rf3 Ke4
60. Rf4+ Ke3 61. Rh4 Kf3 62. g4 Kg3 63. Rh5 Rc6 64. Kd2 c3+ 65. Kc2 Kf3 66. Rd5
Kg2 67. h4 Kg3 68. g5 Kxh4 69. gxh6 Rxh6 70. Rd4+ Kh5 71. Kxc3 Kg6 72. Rd6+ Kh5
73. Rxh6+ Kxh6 1/2-1/2

[Event "Titled Tue 26th Aug Early"]
[Site "chess.com INT"]
[Date "2025.08.26"]
[Round "5"]
[White "Tang, Andrew"]
[Black "Srihari, L R"]
[Result "1-0"]
[WhiteTitle "GM"]
[BlackTitle "GM"]
[WhiteElo "2538"]
[BlackElo "2482"]
[WhiteFideId "2059630"]
[BlackFideId "46617116"]
[EventDate "2025.08.26"]

1. d4 Nf6 2. c4 e6 3. Nc3 d5 4. cxd5 exd5 5. Bg5 Be6 6. e3 Nbd7 7. Bd3 c6 8. h3
Be7 9. Nge2 O-O 10. Qc2 h6 11. Bf4 c5 12. dxc5 Nxc5 13. O-O Rc8 14. Rfd1 Qb6 15.
Rab1 Nce4 16. Be5 Rc6 17. Rbc1 Rfc8 18. Qb1 Nxc3 19. Rxc3 Nd7 20. Bd4 Qa5 21.
Nf4 Bf6 22. Ra3 Qb4 23. Rb3 Qa4 24. Bb5 Qa5 25. Bxc6 bxc6 26. Ra3 Qb4 27. Rxa7
Bxd4 28. Rxd4 Qb6 29. Ra3 Nf6 30. Rc3 c5 31. Rd1 Ne4 32. Rcd3 Nf6 33. R3d2 c4
34. Qc2 Qa5 35. Nxe6 fxe6 36. b3 Ne4 37. Rd4 Nc3 38. R1d2 e5 39. Rg4 cxb3 40.
Qxb3 Rc5 41. Kh2 Ne4 42. Rxe4 Qxd2 43. Rxe5 Qxf2 44. Rxd5 Rxd5 45. Qxd5+ Kh8 46.
Qd8+ Kh7 47. Qd3+ Kh8 48. a4 Qa2 49. Qd8+ Kh7 50. Qd4 Qa3 51. h4 h5 52. Kg3 g6
53. Kf3 Qf8+ 54. Qf4 Qa8+ 55. Kg3 Qa5 56. Qe4 Qc7+ 57. Kf3 Qa5 58. Qe7+ Kg8 59.
Qe8+ Kg7 60. Qb5 Qa8+ 61. e4 Qf8+ 62. Kg3 Qd6+ 63. e5 Qd4 64. Qb7+ Kh6 65. Qf3
Qxe5+ 66. Qf4+ 1-0

[Event "Titled Tue 26th Aug Early"]
[Site "chess.com INT"]
[Date "2025.08.26"]
[Round "5"]
[White "Essing, Arnold"]
[Black "Rosen, Eric"]
[Result "1-0"]
[WhiteTitle "FM"]
[BlackTitle "IM"]
[WhiteElo "2206"]
[BlackElo "2377"]
[WhiteFideId "4619862"]
[BlackFideId "2032562"]
[EventDate "2025.08.26"]

1. d4 d5 2. Nf3 Nf6 3. c4 e6 4. Nc3 Nbd7 5. Bg5 c6 6. e3 Qa5 7. cxd5 Nxd5 8. Qd2
Bb4 9. Rc1 Nxc3 10. bxc3 Ba3 11. Rb1 b6 12. Bd3 Ba6 13. c4 Qxd2+ 14. Nxd2 h6 15.
Bh4 Be7 16. Bxe7 Kxe7 17. Ke2 Rhd8 18. f4 Nf6 19. Rhc1 Rac8 20. c5 Bxd3+ 21.
Kxd3 b5 22. e4 a5 23. h3 Rc7 24. g4 Nd7 25. Ke3 Nf8 26. Rd1 f6 27. h4 g6 28. Nf3
Kf7 29. Rg1 Nd7 30. Rbc1 Re8 31. e5 f5 32. h5 Nf8 33. hxg6+ Nxg6 34. gxf5 exf5
35. Rh1 Rh8 36. Rcg1 Ne7 37. Nh4 b4 38. Rg2 a4 39. Rhg1 Ke6 40. Ng6 Nxg6 41.
Rxg6+ Kd5 42. Rc1 Rd7 43. Kd3 b3 44. axb3 axb3 45. Rb1 Rb8 46. Rxh6 b2 47. Rd6+
Rxd6 48. exd6 Rh8 49. Kc3 Rh3+ 50. Kxb2 Kc4 51. Re1 Rb3+ 52. Kc2 Rc3+ 53. Kb2
Rb3+ 54. Ka2 Rd3 55. Re5 Kxd4 56. Rxf5 Ke4 57. Rf7 Rd4 58. f5 Kd5 59. f6 Kxc5
60. d7 Kb6 61. Re7 Kc7 62. f7 Rf4 63. Re8 Rf3 64. f8=Q Kb6 65. d8=Q+ Kb5 66. Qa3
c5 67. Qxf3 Kc4 68. Qb3# 1-0

[Event "Titled Tue 26th Aug Early"]
[Site "chess.com INT"]
[Date "2025.08.26"]
[Round "5"]
[White "Dinesh, Rajan M"]
[Black "Szpar, Milosz"]
[Result "1-0"]
[WhiteTitle "CM"]
[BlackTitle "GM"]
[WhiteElo "2206"]
[BlackElo "2490"]
[WhiteFideId "35060600"]
[BlackFideId "1184989"]
[EventDate "2025.08.26"]

1. e4 e6 2. d4 d5 3. Nd2 c5 4. Ngf3 cxd4 5. exd5 Qxd5 6. Bc4 Qd7 7. O-O Nc6 8.
Nb3 a6 9. Nbxd4 Nxd4 10. Nxd4 Qc7 11. Qe2 Bd6 12. h3 Nf6 13. a4 O-O 14. Bg5 Bh2+
15. Kh1 Bf4 16. Bxf4 Qxf4 17. Rad1 b6 18. Qd2 Qc7 19. Be2 Bb7 20. Bf3 Rfd8 21.
Qe2 Nd5 22. c3 Re8 23. Rfe1 Rad8 24. Rd2 e5 25. Bxd5 Bxd5 26. Nf5 Qc6 27. Qg4 g6
28. Red1 Bxg2+ 29. Qxg2 Qxg2+ 30. Kxg2 Rxd2 31. Nh6+ Kg7 32. Rxd2 Kxh6 33. Rd6
Rb8 34. Kf3 Kg5 35. Ke4 Re8 36. Rxb6 f5+ 37. Kf3 e4+ 38. Ke2 Kh4 39. Rb7 h5 40.
Rb6 g5 41. Rh6 f4 42. b4 Rc8 43. Rxa6 Rxc3 44. Rh6 Rc4 45. Rb6 Rc2+ 46. Ke1 Kxh3
47. a5 e3 48. fxe3 f3 49. Rf6 Kg2 50. a6 g4 51. b5 g3 52. a7 Ra2 53. b6 f2+ 54.
Kd1 f1=Q+ 55. Rxf1 Kxf1 56. b7 Rxa7 57. b8=Q Ra1+ 58. Kd2 g2 59. Qf4+ Kg1 60. e4
Ra3 61. e5 h4 62. Qxh4 Ra2+ 63. Kd3 Kf1 64. Qf4+ Rf2 65. Qc1# 1-0

[Event "Titled Tue 26th Aug Early"]
[Site "chess.com INT"]
[Date "2025.08.26"]
[Round "5"]
[White "Morozov, Egor"]
[Black "Ono, David"]
[Result "1-0"]
[WhiteTitle "FM"]
[WhiteElo "2291"]
[BlackElo "2110"]
[WhiteFideId "24102121"]
[BlackFideId "146943"]
[EventDate "2025.08.26"]

1. e4 e5 2. Nf3 Nf6 3. Nxe5 d6 4. Nf3 Nxe4 5. Bd3 Nc5 6. Be2 d5 7. d4 Ne4 8. O-O
Be7 9. c4 c6 10. Nc3 Nf6 11. Bf4 O-O 12. b3 Bf5 13. Ne5 Bb4 14. Na4 Nbd7 15. Nd3
Be7 16. Re1 Re8 17. Bf3 Nb6 18. Nxb6 axb6 19. Ne5 Bb4 20. Bd2 Bf8 21. Bg5 h6 22.
Bh4 Qd6 23. Qd2 Ne4 24. Bxe4 Bxe4 25. Rad1 Qa3 26. Re2 Qd6 27. Bg3 Qd8 28. f3
Bf5 29. Qf4 Be6 30. Rde1 Bd6 31. Qd2 Qc7 32. Kf2 Red8 33. Ng4 Bxg4 34. fxg4
Bxg3+ 35. hxg3 dxc4 36. bxc4 Qd7 37. Re4 Ra3 38. R1e3 Ra4 39. Qe2 Qd6 40. Kg1
Raa8 41. Kh2 Qf6 42. Rf4 Qg6 43. Ref3 Rd7 44. Qe5 Rad8 45. Qe3 Qg5 46. Qf2 Qg6
47. Qe3 Rf8 48. Qb3 c5 49. d5 Re8 50. Qd3 Qg5 51. Qf1 Qg6 52. Kh3 Ra8 53. Rf5
Rxa2 54. Re3 Ra8 55. Qe1 Rdd8 56. Re7 Rf8 57. Rxb7 Ra4 58. Qe2 Rb4 59. Rd7 Qh7
60. d6 Qg6 61. Qd3 Qe6 62. Re7 Qc8 63. d7 Qd8 64. Rfe5 Rb2 65. Re8 Qa8 66. Rxa8
Rxa8 67. Re8+ 1-0

[Event "Titled Tue 26th Aug Early"]
[Site "chess.com INT"]
[Date "2025.08.26"]
[Round "5"]
[White "Mullodzhanov, Nathaniel"]
[Black "Sovetbekova, Nurai"]
[Result "1-0"]
[BlackTitle "WFM"]
[WhiteElo "2120"]
[BlackElo "2027"]
[WhiteFideId "30961580"]
[BlackFideId "13801910"]
[EventDate "2025.08.26"]

1. e4 c5 2. Nf3 d6 3. d4 cxd4 4. Nxd4 Nf6 5. Nc3 a6 6. Be2 e5 7. Nb3 Be7 8. Be3
Be6 9. Nd5 Bxd5 10. exd5 Nbd7 11. c4 Qc7 12. O-O O-O 13. Rc1 b6 14. Nd2 a5 15.
f4 exf4 16. Bxf4 Nc5 17. Qc2 Rfe8 18. Bd1 Nfd7 19. Qf5 Bf6 20. b3 g6 21. Qh3 Bg7
22. Bh6 Ne5 23. Bxg7 Kxg7 24. Rc3 Qe7 25. Re3 Qg5 26. Bc2 Ng4 27. Ref3 Ne5 28.
Re3 f5 29. Rfe1 Ncd7 30. Kh1 Rf8 31. Nf3 Qf6 32. Nd4 Kg8 33. Ne6 Rf7 34. Rf1 Nc5
35. Nf4 Ng4 36. Re2 Qd4 37. Ne6 Nxe6 38. dxe6 Re7 39. Qf3 Rae8 40. Rd1 Qc5 41.
Rd5 Qa3 42. Rd1 Qc5 43. Rde1 Ne5 44. Qd5 Rxe6 45. Qd2 Kg7 46. Qg5 Qb4 47. Bxf5
Rf6 48. Be4 Ref8 49. h3 Qc5 50. Kh2 Qc7 51. Bd5 Qd7 52. Re4 Rf5 53. Qg3 Qc7 54.
a3 Qc5 55. b4 axb4 56. axb4 Qxb4 57. Ra1 Qc5 58. Ra7+ Kh8 59. Qh4 Nf7 60. Ree7
Qf2 61. Qxf2 Rxf2 62. Rxf7 R8xf7 63. Rxf7 Rxf7 64. Bxf7 Kg7 65. Bd5 Kf6 66. Kg3
Ke5 67. Bg8 Kd4 68. Kf4 Kc5 69. Ke4 b5 70. cxb5 Kxb5 71. Kd5 Kb4 72. Bxh7 Kc3
73. Bxg6 Kd2 74. h4 Ke3 75. h5 1-0

[Event "Titled Tue 26th Aug Early"]
[Site "chess.com INT"]
[Date "2025.08.26"]
[Round "5"]
[White "Andreikin, Dmitry"]
[Black "Ter-Sahakyan, Samvel"]
[Result "1/2-1/2"]
[WhiteTitle "GM"]
[BlackTitle "GM"]
[WhiteElo "2695"]
[BlackElo "2611"]
[WhiteFideId "4158814"]
[BlackFideId "13302531"]
[EventDate "2025.08.26"]

1. c4 e5 2. g3 c6 3. Nf3 e4 4. Nd4 d5 5. cxd5 Qxd5 6. e3 Nf6 7. Nc3 Qe5 8. Bg2
Bc5 9. f4 Qe7 10. Nb3 Bb6 11. h3 h5 12. d4 exd3 13. Qxd3 O-O 14. e4 Na6 15. Qe2
Rd8 16. e5 Nd5 17. Nxd5 cxd5 18. Bd2 Nb4 19. Bxb4 Qxb4+ 20. Qd2 Qe7 21. Nd4 f6
22. O-O-O fxe5 23. fxe5 Qxe5 24. Kb1 Bxd4 25. Qxd4 Bf5+ 26. Ka1 Qxd4 27. Rxd4
Be4 28. Bxe4 dxe4 29. Rxe4 Re8 30. Rh4 Re5 31. a3 Rae8 32. Ka2 R8e6 33. g4 hxg4
34. Rxg4 Re2 35. Rhg1 Re7 36. R1g3 Rh2 37. a4 a6 38. Ka3 Kh7 39. Rh4+ Kg8 40.
Rhg4 Kh7 41. b3 Rf2 42. Kb4 Rf5 43. Rg5 Re4+ 44. Ka3 Rxg5 45. Rxg5 Rh4 46. Rg3
Kh6 47. a5 Re4 48. b4 g5 49. Rd3 Re7 50. Ka4 Kh5 51. Rd4 Re5 52. Rc4 Rb5 53. Kb3
Re5 54. Rc7 Rb5 55. Kc4 Kh4 56. Rh7+ Kg3 57. Kc3 Kg2 58. Rh5 Kg3 59. Kc4 Kf4 60.
Rh7 Kg3 61. Rh8 Kf4 62. Rd8 Kg3 63. Rd3+ Kg2 64. Re3 Kh2 65. Rf3 Kg2 66. Rd3 Kh2
67. Re3 Kg2 68. Ra3 Kh2 69. Rd3 Kg2 70. Re3 Kh2 71. Rd3 Kg2 1/2-1/2

[Event "Titled Tue 26th Aug Early"]
[Site "chess.com INT"]
[Date "2025.08.26"]
[Round "5"]
[White "Karamsetty, Jeevan"]
[Black "Krsnik Cohar, Ivan Vihor"]
[Result "0-1"]
[WhiteTitle "FM"]
[BlackTitle "FM"]
[WhiteElo "2244"]
[BlackElo "2362"]
[WhiteFideId "2025337"]
[BlackFideId "14520044"]
[EventDate "2025.08.26"]

1. e4 d5 2. exd5 Qxd5 3. Nc3 Qe5+ 4. Qe2 Qxe2+ 5. Bxe2 c6 6. Nf3 Bf5 7. d3 h6 8.
O-O e6 9. h3 Nd7 10. Re1 Ngf6 11. Bf4 Bc5 12. Ne5 O-O 13. Nxd7 Nxd7 14. a3 Rfe8
15. Rad1 Rad8 16. Bg4 Bg6 17. Bc7 Rc8 18. Bf4 Nf6 19. Bf3 Bd4 20. Be3 Rcd8 21.
Bxd4 Rxd4 22. Ne2 Rd7 23. Nf4 Bh7 24. Re3 Red8 25. Rde1 Nd5 26. Nxd5 cxd5 27.
R1e2 Rc7 28. Rd2 a5 29. Bd1 b5 30. d4 Rdc8 31. Rb3 Rb8 32. Be2 b4 33. c3 Rcb7
34. axb4 axb4 35. c4 dxc4 36. Bxc4 Be4 37. f3 Bc6 38. d5 Rd7 39. Rbd3 exd5 40.
Bxd5 Bb5 41. Rd4 Rbd8 42. Rxb4 Rxd5 43. Rxd5 Rxd5 44. Kf2 g5 45. Ke3 f5 46. g3
Kf7 47. h4 Ke6 48. hxg5 hxg5 49. Kf2 Ke5 50. Rb3 Bc4 51. Re3+ Kd4 52. Re1 Rb5
53. Rd1+ Bd3 54. Rd2 Rb3 55. Kg2 Ke3 56. Rf2 Be2 57. f4 g4 58. Kg1 Rxb2 59. Rg2
Rb1+ 60. Kh2 Rb2 61. Kg1 Rd2 62. Kh2 Bf3 63. Rxd2 Kxd2 64. Kg1 Ke1 65. Kh2 Bd1
66. Kg1 Ke2 67. Kg2 Ke3 68. Kg1 Kf3 69. Kh2 Kf2 70. Kh1 Kxg3 71. Kg1 Kxf4 72.
Kg2 Ba4 73. Kg1 Be8 74. Kh2 Kf3 75. Kg1 f4 76. Kh1 Kf2 77. Kh2 Bf7 78. Kh1 Be6
79. Kh2 g3+ 80. Kh1 Bd5# 0-1

[Event "Titled Tue 26th Aug Early"]
[Site "chess.com INT"]
[Date "2025.08.26"]
[Round "5"]
[White "Nepomniachtchi, Ian"]
[Black "Lisenkov, Svyatoslav"]
[Result "1-0"]
[WhiteTitle "GM"]
[BlackTitle "FM"]
[WhiteElo "2742"]
[BlackElo "2343"]
[WhiteFideId "4168119"]
[BlackFideId "34264183"]
[EventDate "2025.08.26"]

1. d4 Nf6 2. c4 c5 3. d5 b5 4. cxb5 a6 5. e3 e6 6. Nc3 exd5 7. Nxd5 Bb7 8. Nxf6+
Qxf6 9. Nf3 Be7 10. bxa6 Nxa6 11. Be2 O-O 12. O-O Rfd8 13. Bd2 d5 14. Bc3 Qe6
15. Re1 Nb8 16. b3 Nc6 17. Bb2 Bf6 18. Qc1 Bxb2 19. Qxb2 d4 20. exd4 cxd4 21.
Ba6 Qd7 22. Bxb7 Qxb7 23. Rad1 Qb4 24. h3 h6 25. Re4 Qa3 26. Qxa3 Rxa3 27. Rd2
d3 28. Rc4 Rd6 29. Ne1 Ne5 30. Rc5 f6 31. f4 Ng6 32. g3 Rda6 33. Nxd3 Rxa2 34.
Rcc2 Ra1+ 35. Kg2 h5 36. h4 Ne7 37. Rc5 g6 38. Rc7 Nf5 39. Nb4 Rd6 40. Rxd6 Nxd6
41. Nd5 Ne4 42. Kf3 f5 43. Ne7+ Kf8 44. Nxg6+ Ke8 45. Ne7 Rf1+ 46. Kg2 Rf2+ 47.
Kg1 Rf3 48. Nxf5 Kf8 49. Re7 Nxg3 50. Re5 Rxb3 51. Kg2 Nxf5 52. Rxf5+ Kg7 53.
Rxh5 Ra3 54. Rg5+ Kf6 55. Rg3 Ra1 56. Kf3 Kf5 57. Rg5+ Kf6 58. Rb5 Kg6 59. Rb6+
Kf5 60. Rb5+ Kg6 61. h5+ Kh6 62. Rd5 Re1 63. Re5 Rf1+ 64. Kg4 Rg1+ 65. Kf5 Kxh5
66. Re6 Ra1 67. Kf6 Kh6 68. f5 Kh7 69. Kf7 Ra7+ 70. Re7 Ra8 71. f6 Ra6 72. Kf8+
Kg6 73. f7 Ra8+ 74. Re8 Ra6 75. Kg8 1-0

[Event "Titled Tue 26th Aug Early"]
[Site "chess.com INT"]
[Date "2025.08.26"]
[Round "5"]
[White "Brzezina, Pawel"]
[Black "Guliev, Gasan"]
[Result "1/2-1/2"]
[WhiteTitle "CM"]
[BlackTitle "CM"]
[WhiteElo "2128"]
[BlackElo "2123"]
[WhiteFideId "21078866"]
[BlackFideId "34165638"]
[EventDate "2025.08.26"]

1. d4 d5 2. c4 dxc4 3. e4 Nf6 4. e5 Nd5 5. Bxc4 Bf5 6. Nf3 e6 7. O-O Be7 8. h3
O-O 9. Nc3 c6 10. a3 Nd7 11. Be3 Nxe3 12. fxe3 c5 13. e4 Bg6 14. d5 Nb6 15. Ba2
c4 16. d6 Bg5 17. Qe2 Rc8 18. Nb5 a6 19. Nbd4 Bf4 20. Rad1 c3 21. bxc3 Rxc3 22.
Qb2 Rc8 23. Bxe6 Bxe4 24. Bxc8 Nxc8 25. Rfe1 Bd5 26. Nf5 Bxf3 27. gxf3 Qg5+ 28.
Qg2 Qxf5 29. d7 Bg5 30. dxc8=Q Rxc8 31. Qg4 Qxg4+ 32. hxg4 g6 33. Rb1 b5 34.
Rbd1 Rc3 35. Kg2 Rc2+ 36. Kg1 Rc3 37. Rf1 Bf4 38. Rde1 Bg3 39. Re4 Rxa3 40. Kg2
Bh4 41. e6 fxe6 42. Rxe6 Bg5 43. Re5 Bf4 44. Re4 g5 45. Rd1 Ra2+ 46. Kf1 Rd2 47.
Rxd2 Bxd2 48. Re6 a5 49. Rb6 b4 50. Rb5 Kf7 51. Rb7+ Kg6 52. Rb5 Bc3 53. Rxa5 b3
54. Rb5 b2 55. Ke2 h5 56. Rb6+ Kg7 57. gxh5 Bd4 58. Rb5 Kh6 59. Kd3 Bg7 60. Ke4
Kxh5 61. Kf5 Kh4 62. Rb7 Bd4 63. Rb5 Bc3 64. Ke4 Kg3 65. Rf5 Kf2 66. Rb5 Ke2 67.
Kf5 Kd2 68. Kxg5 Kc2 69. Rxb2+ Kxb2 70. f4 Bd2 71. Kg6 Bxf4 1/2-1/2

[Event "Titled Tue 26th Aug Early"]
[Site "chess.com INT"]
[Date "2025.08.26"]
[Round "5"]
[White "Grutter, Tim"]
[Black "Klukin, Kirill"]
[Result "1/2-1/2"]
[WhiteTitle "IM"]
[BlackTitle "IM"]
[WhiteElo "2402"]
[BlackElo "2401"]
[WhiteFideId "1057472"]
[BlackFideId "24199273"]
[EventDate "2025.08.26"]

1. a3 d5 2. g3 Nf6 3. Bg2 e6 4. Nf3 Bd6 5. O-O O-O 6. b4 c6 7. Bb2 a5 8. bxa5
Qxa5 9. a4 Nbd7 10. d3 e5 11. Nbd2 Re8 12. Nb3 Qc7 13. Nfd2 Nf8 14. c4 Be6 15.
cxd5 Bxd5 16. Nc4 Bxg2 17. Kxg2 Rad8 18. Nxd6 Qxd6 19. Kg1 h5 20. Nd2 Ng6 21.
Nc4 Qe6 22. e3 e4 23. Bxf6 Rxd3 24. Qxh5 gxf6 25. Rfc1 Kg7 26. Qe2 Rh8 27. f4
Rhd8 28. Rab1 R8d7 29. Rc2 Ne7 30. Nb6 Rd8 31. a5 f5 32. Na4 Rb3 33. Rxb3 Qxb3
34. Nc5 Qb1+ 35. Kg2 Rd1 36. Rb2 Rg1+ 37. Kh3 Qc1 38. Rc2 Qa1 39. Qh5 Rh1 40.
Nd7 Ng6 41. Qxf5 Qf1+ 42. Rg2 Qc4 43. Qf6+ Kg8 44. Qd8+ Kg7 45. Qf6+ Kg8 46. f5
Rf1 47. Qd8+ Kg7 48. fxg6 Qe6+ 49. g4 Rf3+ 50. Rg3 Qxg6 51. Qf8+ Kh7 52. Rxf3
exf3 53. Qe7 f2 54. Nf8+ Kg8 55. Nxg6 f1=Q+ 56. Kg3 fxg6 57. Qxb7 Qe1+ 58. Kf3
Qf1+ 59. Ke4 Qc4+ 60. Ke5 Qc3+ 61. Kd6 Qf6+ 62. Kc7 Qe5+ 63. Kxc6 Qe4+ 64. Kc7
Qe7+ 65. Kb8 Qe5+ 66. Ka7 Qxe3+ 67. Ka6 Qd3+ 68. Qb5 Qd6+ 69. Kb7 Qe7+ 70. Kc6
Qe8+ 71. Kc5 Qe5+ 72. Kb6 Qb8+ 73. Kc6 Qe8+ 74. Kc5 Qe5+ 75. Kc4 Qe2+ 76. Kb4
Qb2+ 77. Kc5 Qe5+ 1/2-1/2

[Event "Titled Tue 26th Aug Early"]
[Site "chess.com INT"]
[Date "2025.08.26"]
[Round "5"]
[White "Jin, Ashton"]
[Black "Mohmad Bashiq Imrose"]
[Result "1/2-1/2"]
[BlackTitle "CM"]
[WhiteElo "2196"]
[BlackElo "2120"]
[WhiteFideId "30931908"]
[BlackFideId "25654489"]
[EventDate "2025.08.26"]

1. d4 Nf6 2. Nf3 d5 3. Bf4 c5 4. e3 e6 5. Nbd2 Bd6 6. Bb5+ Nc6 7. Ne5 Qc7 8. c4
O-O 9. Ndf3 cxd4 10. exd4 dxc4 11. O-O Nd5 12. Bg3 Nxe5 13. dxe5 Be7 14. Rc1 Nb6
15. Qe2 Bd7 16. Bxc4 Nxc4 17. Rxc4 Qa5 18. Nd4 Rac8 19. Rfc1 Rxc4 20. Qxc4 Rc8
21. Qf1 Rxc1 22. Qxc1 Qxa2 23. h4 Qd5 24. Ne2 Bc6 25. f3 Bc5+ 26. Kh2 h6 27. Nc3
Qd4 28. Qe1 Bb4 29. Bf2 Qf4+ 30. Bg3 Qd4 31. Bf2 Bxc3 32. bxc3 Qc4 33. Bxa7 Bd5
34. Bd4 b5 35. Qb1 g6 36. Kg3 Kg7 37. h5 g5 38. Kf2 Bc6 39. Qb2 Bb7 40. Be3 Qd3
41. Qd2 Qd5 42. Bd4 Qc4 43. Qe3 Ba6 44. f4 b4 45. cxb4 Qf1+ 46. Kg3 Qh1 47. fxg5
Qxh5 48. gxh6+ Kh7 49. Qf4 Qg6+ 50. Qg4 Qxh6 51. Bf2 Qg6 52. Kf4 Bd3 53. Qh4+
Kg7 54. Qg5 Qxg5+ 55. Kxg5 Bb5 56. g4 Kf8 57. Bc5+ Ke8 58. Kf6 Bd3 59. g5 Bg6
60. b5 Kd7 61. Bd6 Kc8 62. b6 Kb7 63. Bc7 Bh5 64. Ke7 Bg6 65. Kd6 Bh5 66. Kc5
Bg6 67. Kd4 Bh5 68. Ke3 Bg6 69. Kf2 Bh5 70. Kg3 Bg6 71. Kh4 Bf5 72. Bd8 Bg6 73.
Kg4 Bf5+ 74. Kf4 Bg6 75. Ke3 Bf5 76. Kd4 Bg6 77. Kc5 Bf5 1/2-1/2

[Event "Titled Tue 26th Aug Early"]
[Site "chess.com INT"]
[Date "2025.08.26"]
[Round "5"]
[White "Rabin, Evan"]
[Black "Aalto, Patrik"]
[Result "1-0"]
[BlackTitle "FM"]
[WhiteElo "1945"]
[BlackElo "2335"]
[WhiteFideId "2028670"]
[BlackFideId "510726"]
[EventDate "2025.08.26"]

1. e4 c5 2. Nf3 e6 3. d4 cxd4 4. Nxd4 Nc6 5. Nc3 Qc7 6. Be3 a6 7. f3 Nf6 8. Qd2
Be7 9. O-O-O b5 10. g4 Nxd4 11. Bxd4 Bb7 12. g5 Nh5 13. Bh3 Nf4 14. Bf1 Bxg5 15.
Be3 O-O 16. Rg1 Bh6 17. Qxd7 Rac8 18. Qxc7 Rxc7 19. Kb1 Kh8 20. a3 Rfc8 21. Bd4
Ng6 22. Bb6 Rc6 23. Bf2 Bf4 24. Rd7 R6c7 25. Rxc7 Rxc7 26. h4 Ne5 27. Be2 Kg8
28. Bb6 Rd7 29. Rd1 Rxd1+ 30. Nxd1 h5 31. Bd4 Bg3 32. b3 Ng6 33. c4 Nf4 34. Bf1
bxc4 35. Bxc4 Bxh4 36. Nc3 Bg3 37. Na4 h4 38. Bg1 h3 39. Nc5 Bc8 40. Nxa6 h2 41.
Bxh2 Bxh2 42. Nc5 Bg1 43. Nd3 Nxd3 44. Bxd3 Kf8 45. b4 Ke7 46. Kc2 Kd6 47. Kb3
g5 48. Kc4 Ba6+ 49. b5 Bb7 50. a4 Bb6 51. Kb4 Bc5+ 52. Kc4 Ba3 53. a5 Kc7 54.
b6+ Kc6 55. Bc2 Be7 56. Ba4+ Kd6 57. Bb5 Bd8 58. a6 Bxa6 59. b7 Bb6 60. b8=Q+
Bc7 61. Qf8+ Ke5 62. Bxa6 f5 63. exf5 exf5 64. Bc8 Kf4 65. Qxf5+ Ke3 66. Qg4 Kf2
67. Qe4 Kg2 68. Qg4+ Bg3 69. Qxg5 Kh2 70. Qf5 Kg2 71. Qh3+ Kf2 72. f4 Kf3 73.
Bb7+ Kf2 74. Qg2+ Ke1 75. Qxg3+ Kd2 76. Qd3+ Kc1 77. Be4 Kb2 78. Qc2+ Ka3 79.
Qb3# 1-0